| 000 | 00588nam a22002297a 4500 | ||
|---|---|---|---|
| 005 | 20171213142338.0 | ||
| 008 | 171213b xxu||||| |||| 00| 0 spa d | ||
| 041 | _aspa | ||
| 082 | _a972.86 G216m | ||
| 100 |
_aGarcia Murillo, Guillermo _915224 |
||
| 245 | _aLas minas de Abangares:una historia de un doble explotación | ||
| 260 | _aCOSTA RICA | ||
| 260 | _bEUCR | ||
| 260 | _c1984 | ||
| 300 | _a100 pƔginas | ||
| 650 |
_aCOSTA RICA _945078 |
||
| 650 |
_aMINAS _945079 |
||
| 650 |
_aABANGARES _945080 |
||
| 650 |
_aGUANACASTE _91778 |
||
| 650 |
_aHISTORIA _943 |
||
| 942 | _cBK | ||
| 999 |
_c10156 _d10156 |
||